000 02352nmm a22004457a 4500
003 CHAP
005 20240607115649.0
007 co |g |||aaaaa
008 000424s1996 mx | | 00010 spa d
010 _a80909
011 _a81881
035 _a92363
040 _cCHAP
041 _aspa
090 _aCD-23 1996
110 2 _aUniversidad de Colima. Centro Nacional Editor de Discos Compactos
_9116412
245 1 0 _aBase de datos agrícolas de América Latina y el Caribe II
_h[disco compacto]
_c/ por Universidad de Colima
250 _aSegunda edición
264 1 _aColima, Col. :
_bUniversidad de Colima. Centro Nacional Editor de Discos Compactos,
_c1996.
300 _a1 disco compacto (CD) :
_c4 3/4 pulgadas (12 cm.)
336 _2rdacontent
_aconjunto de datos de la computadora
_bcod
337 _2rdamedia
_aordenador
_bc
338 _2rdacamier
_adisco de computadora
_bcd
516 _aTexto (datos bibliográficos)
520 _aLa presente segunda edición del Disco Compacto de Bases de Datos Agrícolas de América Latina y el Caribe, da continuidad al esfuerzo realizado en 1993 por la Universidad de Colima de México y el Instituto Interamericano de Cooperación a la Agricultura (IICA). Esta actividad estuvo dirigida a la producción de una fuente de consulta para la identificación y acceso a importantes colecciones existente en bibliotecas y centros de documentación del sector agropecuario de la región.
538 _aComputadora IBM PC o compatible, sistema operativo 5.0 o posteriores, archivo config. SYS, Device= C:\DOS\HIMEM.SYS, Device= C:\DOS\EMM386.EXE ram, Buffers= 30, Files= 30; 2 MB de memoria con 500 kb libres de memoria convencional; 2 MB en disco duro, monitor VGA o SVGA, equipo lector de CD-ROM, mouse (opcional)
590 _aBATCH-UPD
_b10
_c20130110
590 _aBATCH-UPD
_b10
_c20130110
590 _aBATCH-UPD
_b10
_c20130409
590 _aBATCH-UPD
_b10
_c20130914
590 _aCONVERSION
_b10
_c20130109
650 1 4 _aAgricultura
_zAmérica Latina.
_91911
650 1 4 _aAmerica Latina
_xCondiciones economicas.
_95390
650 1 4 _aBases de datos.
_910684
650 1 4 _aMujer.
_979312
650 1 4 _aMujer
_xSituación social
_xAmérica Latina.
_979330
905 _aGuadalupe Pinto C.
942 _cCD
_2local
949 _aCD-23 (1996)
_bBC
_cCD
_d33724000757738
_eCD
_i92363
_sb
999 _c80909
_d80909